Guia de cuba /
Guardado en:
| Formato: | Libro |
|---|---|
| Publicado: |
Cuba :
Gianni Costantino,
1989
|
| Materias: | |
| Etiquetas: |
Agregar Etiqueta
Sin Etiquetas, Sea el primero en etiquetar este registro!
|
| LEADER | 00432nam a22001695a 4500 | ||
|---|---|---|---|
| 001 | CEM.cems007268 | ||
| 005 | 20060214000000.0 | ||
| 008 | 130507s1989##################000#0#####d | ||
| 003 | CEMS | ||
| 082 | 0 | 4 | |a 972.91 |
| 245 | 0 | 0 | |a Guia de cuba / |
| 260 | |a Cuba : |b Gianni Costantino, |c 1989 | ||
| 300 | |a 143 p. | ||
| 653 | |a Cuba | ||
| 653 | |a Guias turisticas | ||
| 653 | |a Turismo | ||
| 859 | |a CEMS |b BIB. CEMS - 11 de abril |h 972.91 |i C824 |p 17086.93 |t Ej.1 | ||
